| 000 | 02723nam0a2200373 4500 | ||
|---|---|---|---|
| 001 | RU\NLR\BIBL_A\012527731 | ||
| 005 | 20210623141335.0 | ||
| 021 |
_aRU _bКН-П-21-000674 _9КН-П-21-0043 |
||
| 035 | _a(NLR Aleph) 012527731 | ||
| 035 | _a(RuMoRGB)010551978 | ||
| 090 |
_a12351190 _c12351190 |
||
| 100 | _a20210525d2020 u y0rusy50 ca | ||
| 101 | 0 | _arus | |
| 102 | _aRU | ||
| 105 | _aa|||j|||000zy | ||
| 181 | 0 |
_ai _baxxe |
|
| 182 | 0 | _an | |
| 200 | 1 |
_aПересмотр судебных постановлений в гражданском и арбитражном процессе _eучебное пособие _eдля студентов очной и заочной форм обучения направления подготовки магистров "Юриспруденция", практикующих юристов _fП.В. Каменева _gМинистерство науки и высшего образования РФ, ЧОУ ВО "Таганрогский институт управления и экономики", Кафедра гражданского права и процесса |
|
| 203 |
_aТекст _bвизуальный _cнепосредственный |
||
| 210 |
_aТаганрог _cИзд-во ЧОУ ВО "Таганрогский институт управления и экономики" _d2020 |
||
| 215 |
_a123, [1] с. _cтабл. _d21 |
||
| 320 | _aБиблиогр.: с. 115-120 (52 назв.) | ||
| 606 | 1 |
_aОбжалование в гражданском процессе _yРоссийская Федерация _jУчебные издания для высших учебных заведений _2nlr_sh1 _2nlr_sh2 _3RU\NLR\AUTH\661323387 |
|
| 606 | 1 |
_aОбжалование в арбитражном процессе _yРоссийская Федерация _jУчебные издания для высших учебных заведений _2nlr_sh1 _2nlr_sh2 _3RU\NLR\AUTH\661327368 |
|
| 606 | 1 |
_aКассация в гражданском процессе _yРоссийская Федерация _jУчебные издания для высших учебных заведений _2nlr_sh1 _2nlr_sh2 _3RU\NLR\AUTH\661430233 |
|
| 606 | 1 |
_aКассация в арбитражном процессе _yРоссийская Федерация _jУчебные издания для высших учебных заведений _2nlr_sh1 _2nlr_sh2 _3RU\NLR\AUTH\661398722 |
|
| 686 | 1 | _aХ629.217.6я73 | |
| 686 | 1 | _aХ629.221-8я73 | |
| 700 | 1 |
_aКаменева _bП. В. _gПолина Валерьевна |
|
| 942 | _cBOOK | ||
| 980 | _aNBR | ||
| 980 | _aNB | ||